| 000 | 00421cam a2200181ua 4500 | ||
|---|---|---|---|
| 020 | _c1.50 | ||
| 041 |
_aeng _h |
||
| 082 |
_a821 _bELI/MU |
||
| 100 | _aEliot, T.S . | ||
| 245 |
_aMurder in the Cathedral / _cT.S.Eliot. _hTextual Documents |
||
| 260 |
_aNew Delhi : _bS.Chand & Sons , _c1965. |
||
| 300 | _a44 ; . | ||
| 365 | _a1.50 | ||
| 504 | _a | ||
| 942 | _cBK | ||
| 999 |
_c887 _d887 |
||